000 01045cad a22002175a 4500
001 L149740
008 100419s2010 xxk f 000 0 eng d
035 _a(Sirsi) u149740
041 0 _aeng
050 0 4 _a306.1 $2 18
110 2 _aL&Q
_95840
245 0 0 _aFuture directions in intermediate renting: a discussion paper
260 _c2010
520 _aFuture of intermediate rented sector which falls between social housing and private rented sectors. Discussion paper sets out ways to help those who are not eligible for social housing and do not have the means to become owner-occupiers. Chartered Institute of HOusing (CIH) and L&Q plan to incorporate findings into a policy paper in July 2010.
590 _aKA NTK
651 4 _aENGLAND AND WALES
690 _aPROPERTY-RESIDENTIAL PROPERTY-DOMESTIC RESIDENTIAL PROPERTY-HOUSING
710 1 _aChartered Institute of Housing
_92394
856 4 8 _uhttps://www.cih.org/policy/FutureDiscussionsIntermediateRenting-Apr10.pdf
_zView this item free of charge at www.cih.org
942 _n0
999 _c110613
_d110613